000
00301nam a22001337a 4500
020
_a
9788131700914
040
_c
NUST
082
_a
621.38153 MAN
100
_a
Mano, Morris M
_9
84136
245
_a
Digital Design
250
_a
3rd
260
_a
India:
_b
Pearson Education,
_c
2006.
942
_2
ddc
_c
BK
999
_c
586754
_d
586754